Concursantes de OT - Estadísticas

Estadísticas generales
  • Esta prueba ha sido intentada 48 veces
  • La puntuación promedio es 47 de 90
Estadísticas de respuestas
Hint Respuesta % Correcto
10º Cris
93%
Cristina
93%
Olivia
93%
Guille Toledano
90%
Tinho
90%
14º Carlos
88%
Claudia Arenas
88%
10º María Cruz
88%
13º Salma
88%
Juanjo
85%
Lucia Casani
85%
Martin
85%
Naiara
85%
Ruslana
85%
17º Sam
85%
Crespo
83%
Guillo Rist
83%
12º Max
83%
Téyou
83%
Aitana
80%
Amaia
80%
16º Iván Rojo
80%
13º Judit
80%
11º Laura Muñoz
80%
15º Salma de Diego
80%
Paul Thin
76%
11º Violeta
76%
Bea
73%
Chiara
73%
Lucas
73%
18º Quique
73%
Nía
71%
14º Denna
68%
15º Omar
68%
12º Álex Márquez
66%
Álvaro Mayo
66%
Flavio
66%
Ana Guerra
63%
Cepeda
63%
Roi
63%
Alba Reche
61%
Miriam Rodríguez
61%
16º Mimi
59%
Samantha
56%
16º Suzete
56%
Natalia Lacunza
54%
Alfred García
51%
Miki Nuñez
51%
Agoney
49%
Anaju
49%
Hugo Cobo
49%
Nerea
49%
Maria Escarmiento
44%
Maialen
41%
18º Lina de Sol
39%
Marta Sango
39%
Julia Medina
37%
12º Ricky Merino
37%
14º Thalia
37%
10º Jesús Rendón
32%
10º Raoul Vázquez
32%
Sabela
32%
16º Alfonso La Cruz
29%
12º Anne Lukin
29%
Famous Oberogo
29%
10º Carlos Right
27%
Eva Barreiro
27%
13º Javy Ramírez
27%
11º Noelia Franco
27%
15º Africa Adalia
24%
14º Joan Garrido
24%
11º Mireya Bravo
24%
12º Damion Frost
22%
Marilia
22%
11º Rafa Romera
22%
13º Dave
20%
Gerard Rodríguez
20%
15º Juan Antonio Cortés
17%
18º Luis Mas
17%
14º Nick Martínez
17%
16º Ariadna Tortosa
15%
17º Edu Izaña
15%
15º Eli Sanchez
15%
13º Marina Rodríguez
15%
Bruno Carrasco
10%
17º Joao Henrique
5%
18º Mario Ortiz
5%
18º Adrián Acuña
2%
17º Rodrigo Blanco
0%
17º Valery Gómez
0%
No se encontraron pruebas coincidentes
Distribución de puntuación
Porcentaje de gente con cada puntuación
Porcentaje por número respondido
Historial de tus puntuaciones
No has intentado esta prueba.